Codes IATA des aéroports - Statistiques

Statistiques générales
  • Ce quiz a été pris 140 fois
  • Le résultat moyen est 56 sur 146
Statistiques - réponses
AEROPORT IATA % Correct
Paris - Charles de Gaulle CDG
91%
Paris - Orly ORY
79%
Dublin DUB
74%
New York (Kennedy) JFK
72%
Madrid MAD
72%
Amsterdam AMS
71%
Athènes ATH
71%
Lisbonne LIS
71%
New Delhi DEL
70%
Miami MIA
70%
Toulouse-Blagnac TLS
70%
Istanbul IST
69%
Seattle SEA
69%
Atlanta ATL
67%
Los Angeles LAX
67%
Lima LIM
65%
Nice Côte d'Azur NCE
65%
Lyon-Saint-Exupéry LYS
64%
Melbourne MEL
64%
Alger ALG
63%
Bruxelles BRU
63%
Copenhague CPH
63%
Denver DEN
63%
Fort-de-France (Martinique) FDF
63%
Oslo OSL
63%
Barcelone BCN
61%
Luxembourg LUX
61%
Manchester MAN
61%
Mexico MEX
61%
Marseille Provence MRS
61%
Singapour changi SIN
61%
Tunis TUN
61%
Berlin (Brandenburg) BER
60%
Dubai DXB
60%
Doha DOH
59%
Düsseldorf DUS
59%
Naples NAP
58%
Sofia SOF
58%
Édimbourg EDI
57%
Ibiza IBZ
57%
Vienne VIE
57%
Caire CAI
56%
Hambourg HAM
56%
Budapest BUD
55%
Munich MUN
55%
Francfort FRA
54%
Lille-Lesquin LIL
53%
Pékin (Beijing Capital) PEK
53%
Helsinki HEL
52%
Bangkok BKK
51%
Pointe-à-Pitre (Guadeloupe) PTP
51%
Ajaccio-Napoléon-Bonaparte AJA
50%
Bordeaux-Mérignac BOD
49%
Londres Heathrow LHR
49%
San Francisco SFO
48%
Bogota BOG
47%
Cayenne (Guyane) CAY
47%
Rome Fiumicino FCO
47%
Milan Malpensa MXP
47%
Toulon-Hyères TLN
46%
Nantes Atlantique NTE
45%
Papeete (Tahiti) PPT
45%
Hong Kong HKG
43%
Tel Aviv TLV
43%
Londres Gatwick LGW
42%
Montréal Trudeau YUL
42%
Bastia-Poretta BIA
41%
Tokyo Narita NRT
41%
Glasgow GLA
39%
Tokyo Haneda HND
39%
Milan Linate LIN
36%
Londres Luton LTN
36%
Saint-Denis (La Réunion - Roland Garros) RUN
36%
Brest-Bretagne BES
35%
Jaipur JAI
35%
Cleveland CLE
34%
Prague PRG
34%
Toronto YYZ
33%
Genève GVA
32%
Montpellier-Méditerranée MPL
32%
Rennes-Saint-Jacques RNS
32%
Stuttgart STR
32%
Venise Marco Polo VCE
32%
Dzaoudzi (Mayotte) DZA
31%
Rio de Janeiro GIG
31%
Chicago ORD
31%
Marrakech RAK
31%
Varsovie WAW
31%
New York (Newark) EWR
29%
Porto OPO
28%
Palma de Majorque PMI
28%
Valence VLC
28%
Strasbourg-Entzheim SXB
27%
Alicante ALC
26%
Asuncion ASU
26%
Dakar DSS
26%
Nouméa-La Tontouta (Nouvelle-Calédonie) NOU
26%
Mumbai BOM
25%
Stockholm ARN
23%
Sao Paulo GRU
23%
Madère (Funchal) FNC
22%
Johannesburg JNB
22%
Las Palmas LPA
22%
Abu Dhabi AUH
21%
Clermont-Ferrand CFE
20%
Dallas DFW
20%
Grenoble-Alpes-Isère GNB
20%
Pau-Pyrénées PUF
20%
Auckland AKL
19%
Biarritz-Pays Basque BIQ
19%
Casablanca CMN
19%
Buenos Aires EZE
19%
Séoul Incheon INC
19%
Belgrade BEG
18%
Cracovie KRK
18%
Bucarest OTP
18%
Parlerme PMO
18%
Osaka KIX
17%
Limoges-Bellegarde LIG
17%
Seville SVQ
17%
Malaga AGP
16%
Reykjavik KEF
15%
Montevideo MVD
15%
Santiago du Chili SCL
15%
Bologne BLQ
14%
Caracas CCS
14%
Calvi-Sainte-Catherine CLY
14%
Vancouver YVR
14%
Monastir MIR
11%
Perpignan-Rivesaltes PGF
11%
Shanghai Pudong PVG
10%
Zurich ZHR
10%
Sydney SID
9%
Moscou SVO
9%
Cusco CUZ
7%
Poitiers-Biard PIS
7%
Pékin (Daxing) PKX
6%
Recife | Salvador SSA
6%
Quito UIO
6%
Brasilia BSB
5%
La Paz LPB
4%
Thessalonique SKG
4%
Guayaquil GYE
3%
Santa Cruz VVI
3%
Saint-Pierre (La Réunion - Pierrefonds) ZSE
3%
Aucun quiz correspondant
Distribution des résultats
% des personnes avec chaque résultat
Percentile par nombre de réponses
Votre historique - résultats
Vous n’avez pas pris ce quiz